| 000 | 00817nam a2200265 i 4500 | ||
|---|---|---|---|
| 001 | 60162 | ||
| 003 | ES-MaACL | ||
| 005 | 20250827062610.0 | ||
| 007 | t| | ||
| 008 | 031103s1982 sp ||||1| spa d | ||
| 020 | _a84-7398-225-8 | ||
| 110 | 1 |
_aEspaña _93622 |
|
| 240 | 1 | 0 | _aLeyes, etc., tributarias |
| 245 | 1 | 0 |
_aImpuesto sobre transmisiones patrimoniales y actos jurídicos documentados / _ccompilación de Manuel Mª Casal Bravo. |
| 250 | _a1ª ed. | ||
| 260 |
_aMadrid : _bCivitas, _c1982. |
||
| 300 |
_a205 p. ; _c16 cm. |
||
| 490 | 1 | _aBiblioteca de legislación | |
| 500 | _aIndices. | ||
| 700 | 1 |
_aCasal Bravo, Manuel María. _936054 |
|
| 740 | 0 | _aLeyes, etc., tributarias. | |
| 830 | 0 |
_aBiblioteca de legislación _9177899 |
|
| 852 |
_aES-MaACL _jL-11712 _bR.114037 |
||
| 999 |
_c60162 _d60162 |
||